| 000 | 00406cam a2200157ua 4500 | ||
|---|---|---|---|
| 041 |
_aeng _h |
||
| 082 |
_a604.2 _bBIN/EX |
||
| 100 | _aBinns , H . | ||
| 245 |
_aExamples in engineering drawing and design vol-3 / _cH Binns. _hTextual Documents |
||
| 250 |
_a1 / _b. |
||
| 260 |
_aLondon : _bEnglish Universities Press , _c1958. |
||
| 300 | _a91 ; . | ||
| 504 | _a | ||
| 942 | _cBK | ||
| 999 |
_c8742 _d8742 |
||